00539nam a2200193 a 4500001001300000003000900013005001700022008004100039020001000080082001300090100002900103245005600132260005200188300000900240500003500249505001000284650002200294700002900316nice12345678IN_TiNIC20260116012149.0050524s1956 lona grp 000 0 eng  ac10000a225bBFS aBritish Foreign, Society aGospel in Many Tonguesb Specimens of 826 Language. aLondonbBritish and Foreign Bible Societyc1956 a194p aincludes index and biblioraphy2 aIndex aBible N.T. Gospel1 aBritish Foreign, Society